<?xml version="1.0" encoding="UTF-8"?>
<record
    xmlns:xsi="http://www.w3.org/2001/XMLSchema-instance"
    xsi:schemaLocation="http://www.loc.gov/MARC21/slim http://www.loc.gov/standards/marcxml/schema/MARC21slim.xsd"
    xmlns="http://www.loc.gov/MARC21/slim">

  <leader>01847nam a22002537a 4500</leader>
  <controlfield tag="003">OSt</controlfield>
  <controlfield tag="005">20250317154037.0</controlfield>
  <controlfield tag="008">250303b2024    dr a|||fd||||o00| 0 spa d</controlfield>
  <datafield tag="020" ind1=" " ind2=" ">
    <subfield code="a">978-9945-513-11-0</subfield>
  </datafield>
  <datafield tag="040" ind1=" " ind2=" ">
    <subfield code="a">CGID0035</subfield>
    <subfield code="b">spa</subfield>
    <subfield code="c">CGID0035</subfield>
    <subfield code="e">rda</subfield>
  </datafield>
  <datafield tag="082" ind1=" " ind2=" ">
    <subfield code="a">373.07 1523 7293 I59r</subfield>
    <subfield code="2">21</subfield>
  </datafield>
  <datafield tag="110" ind1=" " ind2=" ">
    <subfield code="a"> Instituto Dominicano de Evaluaci&#xF3;n e Investigaci&#xF3;n de la Calidad Educativa (IDEICE), </subfield>
  </datafield>
  <datafield tag="245" ind1=" " ind2=" ">
    <subfield code="a">Relaci&#xF3;n entre variables psicol&#xF3;gicas, de contexto y de bienestar</subfield>
    <subfield code="b"> en la percepci&#xF3;n del  rendimiento acad&#xE9;mico en estudiantes de secundaria en Rep&#xFA;blica Dominicana</subfield>
    <subfield code="c"> Instituto Dominicano de Evaluaci&#xF3;n e Investigaci&#xF3;n de la Calidad Educativa (IDEICE), </subfield>
  </datafield>
  <datafield tag="260" ind1=" " ind2=" ">
    <subfield code="a">Santo Domingo :</subfield>
    <subfield code="b"> Instituto Dominicano de Evaluaci&#xF3;n e Investigaci&#xF3;n de la Calidad Educativa (IDEICE), </subfield>
    <subfield code="c">2024</subfield>
  </datafield>
  <datafield tag="300" ind1=" " ind2=" ">
    <subfield code="a">49p.</subfield>
  </datafield>
  <datafield tag="520" ind1=" " ind2=" ">
    <subfield code="a">La adolescencia es una etapa importante marcada por cambios sociales, psicol&#xF3;gicos y fisiol&#xF3;gicos. Un estudio de Fuentes et al. (2015) busca identificar factores predictivos del rendimiento acad&#xE9;mico en esta fase. Entre estos factores se destacan el apoyo social percibido, el autoconcepto, la satisfacci&#xF3;n de necesidades psicol&#xF3;gicas b&#xE1;sicas y el bienestar general, as&#xED; como variables sociodemogr&#xE1;ficas (Gonz&#xE1;lez-Moreno &amp; Molero-Jurado, 2023).</subfield>
  </datafield>
  <datafield tag="650" ind1=" " ind2=" ">
    <subfield code="a">Educaci&#xF3;n, Educaci&#xF3;n Secundaria, Investigaci&#xF3;n -- Psicolog&#xED;a Educativa, Rendimiento Escolar -- Aprendizaje en la Rep&#xFA;blica Dominicana.</subfield>
  </datafield>
  <datafield tag="700" ind1=" " ind2=" ">
    <subfield code="a">Montes de Oca, Ginia </subfield>
  </datafield>
  <datafield tag="700" ind1=" " ind2=" ">
    <subfield code="a">- Moronta Tremols, Iv&#xE1;n </subfield>
  </datafield>
  <datafield tag="700" ind1=" " ind2=" ">
    <subfield code="a">- Guti&#xE9;rrez Martes,</subfield>
  </datafield>
  <datafield tag="700" ind1=" " ind2=" ">
    <subfield code="a"> Ashley Altagracia</subfield>
  </datafield>
  <datafield tag="856" ind1=" " ind2=" ">
    <subfield code="u">https://ideice.gob.do/documentacion/publicaciones-id-p1-205-relacion-entre-variables-psicologicas-de-contexto-y-de-bienestar-en-la-percepcion-del-rendimiento-academico-en-estudiantes-de-secundaria-en-republica-dominicana</subfield>
  </datafield>
  <datafield tag="942" ind1=" " ind2=" ">
    <subfield code="2">ddc</subfield>
    <subfield code="c">LIB</subfield>
    <subfield code="n">0</subfield>
  </datafield>
  <datafield tag="999" ind1=" " ind2=" ">
    <subfield code="c">12514</subfield>
    <subfield code="d">12514</subfield>
  </datafield>
  <datafield tag="952" ind1=" " ind2=" ">
    <subfield code="0">0</subfield>
    <subfield code="1">0</subfield>
    <subfield code="2">ddc</subfield>
    <subfield code="4">0</subfield>
    <subfield code="7">0</subfield>
    <subfield code="a">RI</subfield>
    <subfield code="b">RI</subfield>
    <subfield code="d">2025-03-03</subfield>
    <subfield code="l">0</subfield>
    <subfield code="r">2025-03-03 15:53:07</subfield>
    <subfield code="u">https://ideice.gob.do/documentacion/publicaciones-id-p1-205-relacion-entre-variables-psicologicas-de-contexto-y-de-bienestar-en-la-percepcion-del-rendimiento-academico-en-estudiantes-de-secundaria-en-republica-dominicana</subfield>
    <subfield code="w">2025-03-03</subfield>
    <subfield code="y">LIB</subfield>
  </datafield>
</record>
